| 000 | 00553nam a22001937a 4500 | ||
|---|---|---|---|
| 005 | 20230608065455.0 | ||
| 008 | 230117b |||||||| |||| 00| 0 eng d | ||
| 020 | _a978-971-37-0462-7 | ||
| 082 | _aFil. 338.04 J49 2017 | ||
| 110 |
_aJemma Development Group _eauthor |
||
| 245 |
_aEntrepreneurial development / _cJemma Development Group |
||
| 250 | _a3rd ed. | ||
| 260 |
_aRizal, PH: _bJemma, _cc2017. |
||
| 300 |
_ax, 190p.; _bill. |
||
| 490 | _avisual guide | ||
| 504 | _aIncludes bibliographies | ||
| 541 | _e6971 | ||
| 650 | _aEntrepreneurship | ||
| 999 |
_c551 _d551 |
||